Normandy D-Day Beaches with a Map - Statistics

General Stats
  • This quiz has been taken 372 times
  • The average score is 4 of 5
Answers on the Map
Answers color-coded by a green-red scale on the quiz's map according to % correct below.
 
Answer Stats
Beach % Correct
Omaha Beach
95%
Juno Beach
81%
Utah Beach
80%
Sword Beach
79%
Gold Beach
77%
No matching quizzes found
Score Distribution
Percent of People with Each Score
Percentile by Number Answered
Your Score History
You have not taken this quiz